[Event "35th Zalakaros Open 2016"]
[Site "Zalakaros HUN"]
[Date "2016.05.31"]
[Round "5.41"]
[White "Szalanczy, Emil"]
[Black "Tompa, Janos"]
[Result "0-1"]
[WhiteTitle "IM"]
[BlackTitle "IM"]
[WhiteElo "2218"]
[BlackElo "2384"]
[WhiteFideId "700347"]
[BlackFideId "700193"]
[EventDate "2016.05.27"]

1. e4 d5 2. exd5 Qxd5 3. Nc3 Qd6 4. d4 Nf6 5. Nf3 c6 6. Ne5 Nbd7 7. Nc4 Qc7 8.
a4 Nb6 9. Nxb6 axb6 10. Qf3 g6 11. Bf4 Qd8 12. Be5 Bg7 13. Bc4 O-O 14. O-O Bf5
15. Bb3 Qd7 16. Rfe1 Rac8 17. h3 g5 18. Qe3 h6 19. Rad1 e6 20. Qf3 Nd5 21. Ne4
f6 22. Bh2 Bxe4 23. Qxe4 Rce8 24. Qe2 f5 25. Be5 f4 26. Qf3 Rf5 27. c3 Bxe5 28.
dxe5 Qg7 29. Bc2 g4 30. Qxg4 Qxg4 31. hxg4 Rg5 32. Be4 Rxg4 33. Rd3 Re7 34. Bf3
Rg5 35. Re4 b5 36. axb5 cxb5 37. Re1 Nb6 38. Re4 Nc4 39. Rxf4 Nxb2 40. Rd8+ Kg7
41. Rff8 Rxe5 42. Rg8+ Kf6 43. Rh8 Kg6 44. Rd4 Kg7 45. Rb8 Na4 46. Bxb7 Nxc3 47.
Bf3 Rc5 48. Rdd8 Kg6 49. Rg8+ Kf6 50. Rh8 Kg6 51. Rhg8+ Rg7 52. Rge8 Kf6 53.
Rf8+ Ke5 54. Rh8 Rg6 55. Rb6 Nd5 56. Rb7 Kd4 57. Rhb8 Nc3 58. Kh2 Kc4 59. Rb6
Kb4 60. Re8 Re5 61. Reb8 Rgg5 62. Re8 Rg6 63. Reb8 Na4 64. R6b7 Rf6 65. Rg7 Nc3
66. Rgb7 Rf4 67. Rh7 Rh4+ 68. Kg3 Rh1 69. Bg4 Ne2+ 70. Kf3 Rg5 71. Kxe2 Rxg4 72.
Kf3 Rg5 73. Rb6 Re5 74. Kg3 Rg5+ 75. Kf3 Rf5+ 76. Kg3 Re5 77. Kf3 h5 78. Kg3
Rhe1 79. Rf7 Kc4 80. Rfb7 Rg5+ 81. Kh2 Re2 82. Rf7 Rf5 83. Rxe6 Rexf2 84. Rc7+
Kb4 85. Re4+ Ka5 86. Ra7+ Kb6 87. Rg7 Rc2 88. Re6+ Ka5 89. Ra7+ Kb4 90. Rg7 Kb3
91. Re4 Rc4 92. Re2 b4 93. Rb7 Rff4 94. g3 Rfe4 95. Rg2 Rc2 96. Rb5 h4 97. Rxb4+
Rxb4 0-1

[Event "35th Zalakaros Open 2016"]
[Site "Zalakaros HUN"]
[Date "2016.05.31"]
[Round "5.42"]
[White "Paschall, William M."]
[Black "Szabo, Attila1"]
[Result "0-1"]
[WhiteTitle "IM"]
[BlackTitle "FM"]
[WhiteElo "2377"]
[BlackElo "2315"]
[WhiteFideId "2005379"]
[BlackFideId "1206532"]
[EventDate "2016.05.27"]

1. d4 d5 2. c4 c6 3. Nf3 Nf6 4. Qc2 g6 5. Bf4 Bg7 6. e3 O-O 7. Nc3 Bf5 8. Qb3
Qb6 9. c5 Qxb3 10. axb3 Nbd7 11. h3 Ne4 12. g4 Nxc3 13. gxf5 Ne4 14. fxg6 hxg6
15. b4 a6 16. Ne5 Nxe5 17. Bxe5 Bxe5 18. dxe5 f6 19. Rg1 fxe5 20. Rxg6+ Kf7 21.
Rg2 Rh8 22. f3 Nf6 23. Rg5 Rh4 24. Ra4 Rg8 25. Rxg8 Nxg8 26. b3 Nf6 27. Kd2 e6
28. b5 Rxa4 29. bxa4 axb5 30. axb5 Nd7 31. bxc6 bxc6 32. Kc3 Nxc5 33. h4 Nd7 34.
Kb4 c5+ 35. Kb5 c4 36. Kb4 Nf6 37. e4 0-1

[Event "35th Zalakaros Open 2016"]
[Site "Zalakaros HUN"]
[Date "2016.05.31"]
[Round "5.43"]
[White "Laliena Solanes, Luis"]
[Black "Nihal, Sarin"]
[Result "0-1"]
[BlackTitle "FM"]
[WhiteElo "2205"]
[BlackElo "2349"]
[WhiteFideId "2212560"]
[BlackFideId "25092340"]
[EventDate "2016.05.27"]

1. e4 e6 2. b3 d5 3. Bb2 dxe4 4. Nc3 Nf6 5. g4 h6 6. Bg2 e5 7. h3 g6 8. Nxe4
Nxe4 9. Bxe4 Bg7 10. Qe2 O-O 11. O-O-O Nd7 12. Qe3 c6 13. Ne2 Re8 14. Rhf1 Nf6
15. Bg2 Nd5 16. Qg3 Be6 17. d4 exd4 18. Nxd4 Qa5 19. Kb1 Rad8 20. Bxd5 Bxd5 21.
Nf3 Be4 22. Rxd8 Rxd8 23. Ne5 Bxc2+ 24. Ka1 Bxb3 25. Qxb3 Bxe5 26. Bxe5 Qxe5+
27. Kb1 Rd5 0-1

[Event "35th Zalakaros Open 2016"]
[Site "Zalakaros HUN"]
[Date "2016.05.31"]
[Round "5.44"]
[White "Tesik, Csaba"]
[Black "Paszewski, Mateusz"]
[Result "1/2-1/2"]
[WhiteTitle "FM"]
[WhiteElo "2333"]
[BlackElo "2218"]
[WhiteFideId "735582"]
[BlackFideId "1141058"]
[EventDate "2016.05.27"]

1. e4 c5 2. Nc3 Nc6 3. Bb5 g6 4. Bxc6 dxc6 5. f4 Bg7 6. Nf3 Nf6 7. d3 b6 8. O-O
Bg4 9. h3 Bxf3 10. Qxf3 O-O 11. Be3 Ne8 12. f5 Nc7 13. e5 Bxe5 14. Bh6 Bg7 15.
Bxg7 Kxg7 16. Qxc6 Ne8 17. Rae1 Nf6 18. Qb7 Re8 19. Nb5 Rb8 20. Qxa7 Ra8 21. Qc7
Rxa2 22. fxg6 hxg6 23. Qe5 Rh8 24. Qxe7 Qxe7 25. Rxe7 Rxb2 26. Nc7 g5 27. c4 Kg6
28. Nd5 Nxd5 29. cxd5 f6 30. Re6 Rf8 31. d6 Ra2 32. d7 Raa8 33. Rxb6 Rad8 34.
Rd6 Rf7 35. Rf3 Rdxd7 36. Rfxf6+ Rxf6 37. Rxd7 Rc6 38. Kf2 c4 39. dxc4 Rxc4 40.
Rd6+ Kf5 41. Rd3 Ra4 42. g4+ Kg6 43. Rd6+ Kg7 44. Re6 Rb4 45. Re3 Ra4 46. Kg3
Kg6 47. h4 gxh4+ 48. Kxh4 Ra6 1/2-1/2

[Event "35th Zalakaros Open 2016"]
[Site "Zalakaros HUN"]
[Date "2016.05.31"]
[Round "5.45"]
[White "Spalir, Jernej"]
[Black "Goczo, Melinda"]
[Result "1-0"]
[WhiteTitle "FM"]
[BlackTitle "WIM"]
[WhiteElo "2330"]
[BlackElo "2175"]
[WhiteFideId "14606518"]
[BlackFideId "711985"]
[EventDate "2016.05.27"]

1. Nf3 Nf6 2. d4 g6 3. c4 Bg7 4. Nc3 O-O 5. g3 d6 6. Bg2 Nbd7 7. O-O c6 8. Qc2
e5 9. Rd1 Re8 10. e4 a5 11. h3 exd4 12. Nxd4 Nc5 13. Bf4 Nh5 14. Be3 a4 15. Nxc6
bxc6 16. Bxc5 Be6 17. Bxd6 Bxc4 18. Nxa4 Bb5 19. Nc5 Qg5 20. a4 Ba6 21. Qd2 Qxd2
22. Rxd2 Red8 23. g4 Bh6 24. Rdd1 Be2 25. Rd4 Nf4 26. e5 Bb5 27. Rdd1 Be2 28.
Re1 Rac8 29. b3 f6 30. Be7 fxe5 31. Bxd8 Rxd8 32. Ra2 Bd1 33. a5 Bf8 34. Nb7
Bxb3 35. Nxd8 Bxa2 36. Ra1 Bd5 37. Bxd5+ Nxd5 38. a6 1-0

[Event "35th Zalakaros Open 2016"]
[Site "Zalakaros HUN"]
[Date "2016.05.31"]
[Round "5.46"]
[White "Barski, Radoslaw"]
[Black "Nemec, Vjekoslav"]
[Result "1-0"]
[WhiteElo "2324"]
[BlackElo "2175"]
[WhiteFideId "1131710"]
[BlackFideId "14540274"]
[EventDate "2016.05.27"]

1. d4 g6 2. e4 Bg7 3. Nc3 d6 4. Be3 a6 5. a4 Nf6 6. h3 O-O 7. g4 c5 8. d5 Qb6 9.
Nge2 e6 10. a5 Qc7 11. Bg2 exd5 12. exd5 Re8 13. O-O Nbd7 14. Qd2 b5 15. Ng3 Ne5
16. b3 h5 17. gxh5 Bxh3 18. h6 Bh8 19. f3 Bxg2 20. Kxg2 b4 21. Nce4 Nh7 22. Rae1
f5 23. Ng5 Nxg5 24. Bxg5 Qxa5 25. h7+ Kxh7 26. Rh1+ Kg8 27. Rxh8+ Kf7 28. Rh7+
Kg8 29. Bf6 Nf7 30. Rh8+ Nxh8 31. Qh6 1-0

[Event "35th Zalakaros Open 2016"]
[Site "Zalakaros HUN"]
[Date "2016.05.31"]
[Round "5.47"]
[White "Skuhala, Jernej"]
[Black "Loos, Roland"]
[Result "1/2-1/2"]
[WhiteElo "2142"]
[BlackElo "2316"]
[WhiteFideId "14605651"]
[BlackFideId "4643232"]
[EventDate "2016.05.27"]

1. e4 e6 2. d4 d5 3. exd5 exd5 4. c4 Nf6 5. Nc3 Bb4 6. Nf3 O-O 7. Bd3 Re8+ 8.
Be3 Nc6 9. h3 dxc4 10. Bxc4 Be6 11. Bxe6 Rxe6 12. O-O Bxc3 13. bxc3 Nd5 14. Bd2
Nb6 15. Qc2 Qd5 16. Bf4 Rc8 17. Rfe1 h6 18. Rxe6 Qxe6 19. Re1 Qd7 20. Qe4 Qd5
21. Qc2 Qd7 22. Qe4 Na5 23. Bd2 Nac4 24. Qxb7 Qd5 25. Qxa7 Qc6 26. Bf4 Nd5 27.
Ne5 Nxe5 28. Bxe5 Re8 29. Rc1 Rxe5 30. dxe5 Nf4 31. Qb8+ Kh7 32. Qb1+ g6 33. f3
Ne2+ 34. Kh1 Nxc1 35. Qxc1 Qd5 36. Qe3 Qxa2 37. Qc5 Qb1+ 38. Kh2 Qc1 39. Qc4 Kg7
40. e6 fxe6 41. Qxc7+ Kf6 42. f4 Qe3 43. c4 g5 44. fxg5+ hxg5 45. c5 e5 46. Qc6+
Ke7 47. Qd6+ Kf7 48. Qd5+ Ke7 49. c6 Qf4+ 50. Kg1 e4 51. Qd7+ Kf6 52. c7 Qc1+
53. Kf2 Qb2+ 54. Ke3 Qc3+ 55. Ke2 Qc2+ 56. Ke1 Qc1+ 57. Kf2 Qb2+ 58. Ke3 Qc3+
59. Kxe4 Qe1+ 60. Kd5 Qd1+ 1/2-1/2

[Event "35th Zalakaros Open 2016"]
[Site "Zalakaros HUN"]
[Date "2016.05.31"]
[Round "5.48"]
[White "Del Rey, Diego"]
[Black "Dankhazi, Andras"]
[Result "1/2-1/2"]
[WhiteTitle "IM"]
[BlackTitle "FM"]
[WhiteElo "2388"]
[BlackElo "2267"]
[WhiteFideId "102164"]
[BlackFideId "714267"]
[EventDate "2016.05.27"]

1. d4 Nf6 2. Bg5 Ne4 3. Bf4 d5 4. e3 c5 5. c3 Nc6 6. Bd3 Nf6 7. Nd2 g6 8. h3 Bg7
9. Ngf3 Nd7 10. O-O O-O 11. Be2 e5 12. dxe5 Ndxe5 13. Nxe5 Nxe5 14. Nf3 Nxf3+
15. Bxf3 Be6 16. Qe2 Qb6 17. a4 a6 18. a5 Qb5 19. Bd6 Qxe2 20. Bxe2 Rfc8 21. Bf3
Bf8 22. Bf4 Rd8 23. Rfd1 Rd7 24. Rd2 Be7 25. Bd1 Rc8 26. Ba4 Rdd8 27. Rad1 f6
28. Bb3 c4 29. Bc2 Kf7 30. e4 dxe4 31. Bxe4 Rxd2 32. Rxd2 Rc5 33. Bxb7 1/2-1/2

[Event "35th Zalakaros Open 2016"]
[Site "Zalakaros HUN"]
[Date "2016.05.31"]
[Round "5.49"]
[White "Dolana, Andrei-Theodor"]
[Black "Balokas, Dimitrios"]
[Result "1-0"]
[WhiteTitle "FM"]
[WhiteElo "2354"]
[BlackElo "2170"]
[WhiteFideId "1219804"]
[BlackFideId "4216920"]
[EventDate "2016.05.27"]

1. d4 Nf6 2. c4 e6 3. Nc3 d5 4. cxd5 exd5 5. Bg5 c6 6. e3 Be7 7. Bd3 Nbd7 8. Nf3
O-O 9. Qc2 Re8 10. O-O h6 11. Bf4 Nh5 12. Nxd5 Nxf4 13. Nxf4 Bd6 14. Ne2 Nf8 15.
h3 Be6 16. e4 Rc8 17. e5 Bb8 18. Nf4 Qb6 19. Rfe1 Red8 20. Nxe6 Nxe6 21. Bc4 Re8
22. Re4 Rcd8 23. Rg4 Re7 24. Rd1 c5 25. d5 Nd4 26. Nxd4 cxd4 27. d6 1-0

[Event "35th Zalakaros Open 2016"]
[Site "Zalakaros HUN"]
[Date "2016.05.31"]
[Round "5.50"]
[White "Peczely, Sebastian Zsombor"]
[Black "Plichta, Kamil"]
[Result "0-1"]
[BlackTitle "FM"]
[WhiteElo "2255"]
[BlackElo "2336"]
[WhiteFideId "750964"]
[BlackFideId "1141830"]
[EventDate "2016.05.27"]

1. e4 Nf6 2. e5 Nd5 3. c4 Nb6 4. d4 d6 5. exd6 exd6 6. Nf3 Be7 7. Be2 O-O 8. O-O
Bf5 9. Nc3 Bf6 10. Be3 c6 11. Qd2 d5 12. b3 dxc4 13. bxc4 Be6 14. c5 Nc4 15.
Bxc4 Bxc4 16. Rfb1 b6 17. Ne4 Be7 18. Ne5 Be6 19. Rc1 f6 20. Nd3 Bf7 21. Ng3 Qd7
22. Rab1 h5 23. h3 h4 24. Ne2 Bd8 25. Rb2 Na6 26. Qc2 b5 27. a4 Nc7 28. axb5
Nxb5 29. Rb4 Bc7 30. d5 Bxd5 31. Ndf4 Bf7 32. Ng6 Bxg6 33. Qxg6 Rad8 34. Rf1 Qd3
35. Re4 Rd7 36. Nc1 Qc2 37. Qf5 Re7 38. f3 Bg3 39. Bh6 Nc3 40. Bxg7 Rxg7 41.
Qe6+ Kh8 42. Rg4 Nd5 43. Rxg7 Nf4 44. Rg8+ Kh7 45. Ne2 Nxe6 0-1

[Event "35th Zalakaros Open 2016"]
[Site "Zalakaros HUN"]
[Date "2016.05.31"]
[Round "5.51"]
[White "Hardicsay, Peter"]
[Black "Gorcsi, Gabor"]
[Result "1/2-1/2"]
[WhiteTitle "IM"]
[BlackTitle "FM"]
[WhiteElo "2245"]
[BlackElo "2304"]
[WhiteFideId "700622"]
[BlackFideId "763411"]
[EventDate "2016.05.27"]

1. d4 Nf6 2. c4 g6 3. Nf3 Bg7 4. g3 O-O 5. Bg2 d6 6. Nc3 Nbd7 7. O-O e5 8. Qc2
exd4 9. Nxd4 Nb6 10. Rd1 Nxc4 11. Ncb5 a6 12. Qxc4 axb5 13. Nxb5 Ne8 14. Qc2 Bf5
15. e4 Bg4 16. f3 Be6 17. Nc3 c6 18. Be3 Qa5 19. a3 f5 20. Bd4 Bxd4+ 21. Rxd4 f4
22. Ne2 fxg3 23. hxg3 Qb6 24. Rf1 Ra5 25. Rf2 Nf6 26. Qd2 Bc8 27. Nc3 1/2-1/2

[Event "35th Zalakaros Open 2016"]
[Site "Zalakaros HUN"]
[Date "2016.05.31"]
[Round "5.52"]
[White "Krstulovic, Alex"]
[Black "Boguszlavszkij, Jevgenyij"]
[Result "1/2-1/2"]
[WhiteTitle "FM"]
[BlackTitle "IM"]
[WhiteElo "2292"]
[BlackElo "2212"]
[WhiteFideId "760056"]
[BlackFideId "700614"]
[EventDate "2016.05.27"]

1. d4 Nf6 2. c4 e6 3. Nf3 d5 4. Nc3 Nbd7 5. Bf4 c6 6. e3 Nh5 7. Bg5 Be7 8. Bxe7
Qxe7 9. Bd3 O-O 10. Qc2 Nhf6 11. O-O dxc4 12. Bxc4 e5 13. Bb3 h6 14. Nh4 Re8 15.
Rad1 Nf8 16. Nf5 Bxf5 17. Qxf5 exd4 18. Rxd4 Rad8 19. Rfd1 Rxd4 20. Rxd4 Rd8 21.
Qd3 Rxd4 22. Qxd4 b6 23. e4 Ng6 24. g3 Ne5 25. Kg2 g5 26. f3 Nfd7 27. Bc2 Qf6
28. Qf2 Nc5 29. Qe2 Ne6 30. Qe3 Qxf3+ 31. Qxf3 Nxf3 32. Kxf3 Nd4+ 33. Ke3 Nxc2+
34. Kd3 Ne1+ 35. Ke2 Nc2 36. Kd3 Nb4+ 37. Kc4 Na6 38. b4 Nc7 39. a4 Kf8 40. b5
c5 41. a5 Ke7 42. axb6 axb6 43. Na4 Na8 44. Kd5 Kd7 45. Ke5 Ke7 46. Kd5 Kd7 47.
Ke5 Ke7 1/2-1/2

[Event "35th Zalakaros Open 2016"]
[Site "Zalakaros HUN"]
[Date "2016.05.31"]
[Round "5.53"]
[White "Laza, Szabolcs"]
[Black "Vegh, Endre"]
[Result "1/2-1/2"]
[BlackTitle "IM"]
[WhiteElo "2168"]
[BlackElo "2271"]
[WhiteFideId "741345"]
[BlackFideId "700568"]
[EventDate "2016.05.27"]

1. b3 d5 2. Bb2 c5 3. e3 a6 4. Nf3 Nc6 5. d4 cxd4 6. exd4 Nf6 7. Be2 Bg4 8. O-O
Bxf3 9. Bxf3 e6 10. c4 Be7 11. c5 O-O 12. Nd2 b6 13. Rc1 Nb4 14. Ba3 bxc5 15.
dxc5 Nd3 16. Rc3 Qa5 17. Nb1 Nb4 18. Bxb4 Qxb4 19. a3 Qb7 20. b4 Rfc8 21. Re1 a5
22. Rb3 axb4 23. axb4 Ra4 24. Nc3 Rxb4 25. Nxd5 exd5 26. Rxe7 Rxb3 27. Rxb7 Rxb7
28. g3 Rxc5 29. Qa4 Rb1+ 30. Kg2 h6 31. Qa8+ Kh7 32. Qa7 Rc2 33. Bxd5 Nxd5 34.
Qd7 Ne3+ 35. Kf3 Rd1 36. Qa4 Nf5 37. Qxc2 Rd5 38. g4 g6 39. gxf5 Rxf5+ 40. Kg4
h5+ 41. Kh4 Kg7 42. Qxf5 gxf5 43. Kxh5 f6 44. Kh4 Kh6 45. Kg3 Kg5 46. Kf3 f4 47.
Ke4 Kg4 48. f3+ Kh3 49. Kxf4 Kxh2 50. Kg4 Kg2 51. f4 Kf2 52. Kf5 Kf3 53. Kxf6
Kxf4 1/2-1/2

[Event "35th Zalakaros Open 2016"]
[Site "Zalakaros HUN"]
[Date "2016.05.31"]
[Round "5.54"]
[White "Marosi, Levente"]
[Black "Damia, Angelo"]
[Result "1-0"]
[WhiteTitle "FM"]
[BlackTitle "FM"]
[WhiteElo "2318"]
[BlackElo "2254"]
[WhiteFideId "747181"]
[BlackFideId "812668"]
[EventDate "2016.05.27"]

1. e4 Nf6 2. e5 Nd5 3. d4 d6 4. Nf3 Nc6 5. c4 Nb6 6. exd6 exd6 7. h3 Bf5 8. a3
Be7 9. d5 Ne5 10. Nxe5 dxe5 11. Nc3 O-O 12. Bd3 Qd7 13. Be3 Rad8 14. Qc2 Bxd3
15. Qxd3 Na4 16. b4 Nxc3 17. Qxc3 c6 18. dxc6 Qxc6 19. O-O b6 20. Rac1 Qa4 21.
c5 bxc5 22. bxc5 e4 23. Qb4 Qc6 24. Rfd1 Rxd1+ 25. Rxd1 Rc8 26. Qc4 h6 27. Rd5
Rd8 28. Rxd8+ Bxd8 29. a4 a6 30. Qd4 Bc7 31. g3 Kf8 32. Kf1 Qe6 33. Kg2 Qc6 34.
Kg1 Qe6 35. Kh2 h5 36. Bf4 Bxf4 37. gxf4 f6 38. Qd8+ Kf7 39. Qc7+ Kg6 40. Qb6
Kf5 41. c6 Qd6 42. Kg2 e3 43. Qb1+ Kxf4 44. fxe3+ Kxe3 45. Qc1+ Ke2 46. Qc2+ Ke1
47. Qc3+ Ke2 48. Qc4+ Ke3 49. Qc1+ Ke2 50. Qc2+ Ke1 51. c7 Qd5+ 52. Kg1 Qg5+ 53.
Kh1 Qd5+ 54. Qg2 Qd7 55. Qg3+ Ke2 56. Qc3 Qd1+ 57. Kh2 Qd6+ 58. Qg3 Qd7 59. Qg2+
Ke3 60. Qc2 Qd6+ 61. Kg2 Qd5+ 62. Kg1 Qg5+ 63. Qg2 Qf5 64. Qg3+ Ke2 65. Qxg7
Qc5+ 66. Kh2 Qd6+ 67. Kh1 Qd1+ 68. Qg1 Qd7 69. Qg2+ Ke3 70. Qg3+ Kd4 71. Kh2 Kd5
72. Qd3+ Kc6 73. Qxa6+ Kxc7 74. Qa7+ Kc6 75. Qxd7+ Kxd7 76. Kg3 Ke6 77. Kf4 h4
78. a5 Kd6 79. Kf5 Kc6 80. Kxf6 Kb5 81. Kg5 1-0

[Event "35th Zalakaros Open 2016"]
[Site "Zalakaros HUN"]
[Date "2016.05.31"]
[Round "5.55"]
[White "Tirelli, Mauro"]
[Black "Horvath, Dominik"]
[Result "0-1"]
[WhiteElo "2217"]
[BlackElo "2286"]
[WhiteFideId "845353"]
[BlackFideId "1642561"]
[EventDate "2016.05.27"]

1. d4 Nf6 2. Bg5 Ne4 3. Bf4 c5 4. f3 Qa5+ 5. c3 Nf6 6. d5 Qb6 7. e4 Qxb2 8. Nd2
Qxc3 9. Bc7 g6 10. Ne2 Qd3 11. Ng3 Qe3+ 12. Ne2 d6 13. Nc4 Qh6 14. Qa4+ Bd7 15.
Qa5 Na6 16. Rb1 Nxc7 17. Qxc7 Bg7 18. Nxd6+ exd6 19. Qxd6 Nxe4 20. fxe4 Qe3 21.
Rb3 Qxe4 22. Kf2 Bf8 23. Qf6 Qf5+ 24. Qxf5 Bxf5 25. Rxb7 Bg7 26. Ng3 Bd4+ 27.
Kf3 Bd7 28. Ne4 f5 29. Nd6+ Ke7 30. Bb5 Kxd6 31. Rxd7+ Ke5 32. Re1+ Kf6 33. Ree7
Rhe8 34. Rxe8 Rxe8 35. Rd6+ Ke5 36. Bxe8 Kxd6 37. Bc6 Ke5 38. Ke2 c4 39. a4 a5
40. Kd2 g5 41. Bd7 f4 42. Be6 h5 43. h3 Kf6 44. Bc8 Ke5 45. Be6 Ke4 46. d6 c3+
47. Ke2 Be5 48. d7 Bf6 49. Bf7 h4 50. Bh5 Kd4 51. Bf7 Kc5 52. Kd3 g4 53. Bg6 f3
54. Be4 f2 55. Ke2 g3 56. Bd3 Kb4 57. Kd1 Kxa4 58. Kc2 Kb4 0-1

[Event "35th Zalakaros Open 2016"]
[Site "Zalakaros HUN"]
[Date "2016.06.01"]
[Round "6.1"]
[White "Ivanisevic, Ivan"]
[Black "Onischuk, Vladimir"]
[Result "1-0"]
[WhiteTitle "GM"]
[BlackTitle "GM"]
[WhiteElo "2646"]
[BlackElo "2628"]
[WhiteFideId "912417"]
[BlackFideId "14114038"]
[EventDate "2016.05.27"]

1. d4 d6 2. e4 Nf6 3. Nc3 g6 4. f4 Bg7 5. Nf3 O-O 6. e5 dxe5 7. fxe5 Nfd7 8. h4
c5 9. h5 cxd4 10. hxg6 dxc3 11. gxf7+ Rxf7 12. Bc4 e6 13. Bxe6 Qe8 14. Bxf7+
Qxf7 15. Ng5 cxb2 16. Bxb2 Qc4 17. Qh5 Nf8 18. Rh4 Qc7 19. Nxh7 Qa5+ 20. Kf1
Nbd7 21. Nf6+ Bxf6 22. Rg4+ 1-0

[Event "35th Zalakaros Open 2016"]
[Site "Zalakaros HUN"]
[Date "2016.06.01"]
[Round "6.2"]
[White "Berkes, Ferenc"]
[Black "Harika, Dronavalli"]
[Result "1/2-1/2"]
[WhiteTitle "GM"]
[BlackTitle "GM"]
[WhiteElo "2636"]
[BlackElo "2514"]
[WhiteFideId "718572"]
[BlackFideId "5015197"]
[EventDate "2016.05.27"]

1. d4 Nf6 2. Nf3 g6 3. Bf4 Bg7 4. c3 O-O 5. e3 d6 6. h3 c5 7. dxc5 dxc5 8. Qxd8
Rxd8 9. Nbd2 Nc6 10. Bc7 Rf8 11. Bh2 b6 12. Bb5 Bb7 13. O-O Nd7 14. Nc4 a6 15.
Rfd1 axb5 16. Rxd7 Na5 17. Nxa5 Bxf3 18. gxf3 Rxa5 19. Rxe7 b4 20. cxb4 cxb4 21.
Rb1 Rxa2 22. Re4 Bxb2 23. Rxb4 Bf6 24. Rxb6 Kg7 25. Bg3 h5 26. Rb8 Rxb8 27. Rxb8
Ra5 28. Re8 Rd5 29. Kg2 Rd7 30. Rc8 Rd5 31. Rc6 Rb5 32. Bd6 Rg5+ 33. Kf1 Ra5 34.
Rc8 Ra1+ 35. Kg2 Ra2 36. Kg3 Ra6 37. Bf8+ Kh7 38. f4 Ra7 39. Bd6 Ra6 40. Be5 Re6
41. Rc5 Kg7 42. f3 Ra6 43. e4 Bxe5 44. fxe5 Ra3 45. h4 Kf8 46. Rc7 Rb3 47. Kf4
Ra3 48. Rb7 Rc3 49. Rd7 Ra3 50. Kg3 Rb3 51. Kf2 Rb2+ 52. Ke3 Rh2 53. Kf4 Rf2 54.
Ra7 Rf1 55. Rb7 Rf2 56. Rc7 Rf1 57. Ra7 Rf2 58. Ra3 Ke7 59. Kg5 Rg2+ 60. Kh6 Rg3
61. Kg7 g5 62. Ra7+ Ke6 63. Kf8 Kxe5 64. Ra5+ Ke6 65. Ra6+ Ke5 66. Ra5+ Ke6 67.
Ra6+ Ke5 1/2-1/2

[Event "35th Zalakaros Open 2016"]
[Site "Zalakaros HUN"]
[Date "2016.06.01"]
[Round "6.3"]
[White "Vajda, Levente"]
[Black "Banusz, Tamas"]
[Result "1/2-1/2"]
[WhiteTitle "GM"]
[BlackTitle "GM"]
[WhiteElo "2581"]
[BlackElo "2621"]
[WhiteFideId "1203975"]
[BlackFideId "722413"]
[EventDate "2016.05.27"]

1. e4 c5 2. c3 d5 3. exd5 Qxd5 4. d4 Nf6 5. Nf3 e6 6. Be3 cxd4 7. cxd4 Bb4+ 8.
Nc3 O-O 9. Bd3 b6 10. O-O Bxc3 11. bxc3 Ba6 12. Bxa6 Nxa6 13. Qa4 Qb7 14. c4 Nb8
15. Rfd1 Nbd7 1/2-1/2

[Event "35th Zalakaros Open 2016"]
[Site "Zalakaros HUN"]
[Date "2016.06.01"]
[Round "6.5"]
[White "Efimenko, Zahar"]
[Black "Andersen, Mads"]
[Result "1-0"]
[WhiteTitle "GM"]
[BlackTitle "GM"]
[WhiteElo "2656"]
[BlackElo "2505"]
[WhiteFideId "14107201"]
[BlackFideId "1413864"]
[EventDate "2016.05.27"]

1. Nf3 d5 2. g3 c6 3. Bg2 Bg4 4. O-O Nd7 5. d3 e6 6. h3 Bh5 7. e4 Bd6 8. exd5
exd5 9. c4 Ne7 10. Nc3 dxc4 11. dxc4 Ne5 12. g4 Bg6 13. Nxe5 Bxe5 14. Be3 O-O
15. f4 Bxc3 16. bxc3 f5 17. Bc5 Re8 18. Re1 Nc8 19. Qxd8 Rxd8 20. Bd4 Rd7 21. a4
Bf7 22. a5 a6 23. Bc5 Rd8 24. Rad1 Rxd1 25. Rxd1 Bxc4 26. Rd8+ Kf7 27. gxf5 1-0

[Event "35th Zalakaros Open 2016"]
[Site "Zalakaros HUN"]
[Date "2016.06.01"]
[Round "6.6"]
[White "Rakhmanov, Aleksandr"]
[Black "Narayanan, Srinath"]
[Result "1-0"]
[WhiteTitle "GM"]
[BlackTitle "IM"]
[WhiteElo "2654"]
[BlackElo "2469"]
[WhiteFideId "4173708"]
[BlackFideId "5018420"]
[EventDate "2016.05.27"]

1. d4 Nf6 2. Nf3 e6 3. c4 b6 4. a3 Bb7 5. Nc3 d5 6. Bg5 Be7 7. e3 O-O 8. Rc1
Nbd7 9. cxd5 Nxd5 10. Nxd5 Bxg5 11. Nxc7 Bxf3 12. gxf3 Rc8 13. Nb5 Rxc1 14. Qxc1
e5 15. d5 Nf6 16. h4 Bh6 17. Qd2 Qd7 18. Nc3 Rd8 19. Bb5 Qf5 20. Qd1 g6 21. Bc6
Bg7 22. Kf1 e4 23. Kg2 h5 24. fxe4 Nxe4 25. Nxe4 Qxe4+ 26. Qf3 Qc4 27. e4 Rd6
28. Qe3 Bxb2 29. Rb1 Be5 30. Rf1 Qc2 31. Kh3 Rf6 32. f4 Qc5 33. Qxc5 bxc5 34.
Kg3 c4 35. Rf3 c3 36. Ba4 Ra6 37. Bc2 Bd4 38. Rd3 Bc5 39. a4 Bb4 40. e5 Kf8 41.
Rd4 Ba5 42. Rc4 Rb6 43. Rc5 Rb2 44. Bxg6 Bb4 45. Rc8+ Kg7 46. Bf5 Rb3 47. d6 c2+
48. Kg2 Rc3 49. Rxc3 Bxc3 50. Bxc2 Be1 51. f5 Kf8 52. e6 Bb4 53. e7+ Ke8 54. f6 1-0

[Event "35th Zalakaros Open 2016"]
[Site "Zalakaros HUN"]
[Date "2016.06.01"]
[Round "6.7"]
[White "Deac, Bogdan-Daniel"]
[Black "Kravtsiv, Martyn"]
[Result "1/2-1/2"]
[WhiteTitle "IM"]
[BlackTitle "GM"]
[WhiteElo "2501"]
[BlackElo "2641"]
[WhiteFideId "1226380"]
[BlackFideId "14113147"]
[EventDate "2016.05.27"]

1. e4 e6 2. d4 d5 3. Nd2 Nf6 4. e5 Nfd7 5. c3 c5 6. Bd3 Nc6 7. Ne2 cxd4 8. cxd4
f6 9. exf6 Nxf6 10. Nf3 Bd6 11. Bf4 O-O 12. O-O Bxf4 13. Nxf4 Ne4 14. Qc1 Ng5
15. Nxg5 Qxg5 16. Ne2 Qxc1 17. Raxc1 Nb4 18. Bb1 Bd7 19. a3 Nc6 20. Rc3 Na5 21.
Bd3 b5 22. b3 Rac8 23. Rfc1 a6 24. f3 h6 25. Kf2 Kf7 26. h4 Rxc3 27. Rxc3 Ke7
28. Ke3 Rb8 29. h5 b4 30. axb4 Rxb4 31. Bxa6 Rxb3 32. Rxb3 Nxb3 33. Nf4 Na5 34.
Ng6+ Kd6 35. Ne5 Ba4 36. g4 Nc6 37. Nxc6 Bxc6 1/2-1/2

[Event "35th Zalakaros Open 2016"]
[Site "Zalakaros HUN"]
[Date "2016.06.01"]
[Round "6.8"]
[White "Romanov, Evgeny"]
[Black "Aryan, Chopra"]
[Result "0-1"]
[WhiteTitle "GM"]
[BlackTitle "IM"]
[WhiteElo "2641"]
[BlackElo "2459"]
[WhiteFideId "4148843"]
[BlackFideId "5084423"]
[EventDate "2016.05.27"]

1. Nf3 d5 2. d4 Nf6 3. c4 c6 4. Nc3 e6 5. Bg5 h6 6. Bxf6 Qxf6 7. e3 g6 8. Be2
Nd7 9. O-O Bg7 10. e4 dxe4 11. Nxe4 Qf4 12. Qc2 f5 13. Ned2 c5 14. dxc5 O-O 15.
Rad1 a5 16. Nb3 Qc7 17. Nfd4 Nxc5 18. Nb5 Qe7 19. Nxc5 Qxc5 20. Rd2 e5 21. Rd5
Qe7 22. Rd6 Kh7 23. c5 Bd7 24. Rfd1 Bc6 25. a4 Rf6 26. Bc4 e4 27. Bd5 Qe5 28.
Nc7 Rc8 29. Ne6 f4 30. Qb3 e3 31. Bxc6 Rxc6 32. Rxc6 bxc6 33. Nxg7 e2 34. Re1
Kxg7 35. Qb7+ Rf7 36. Qxc6 f3 37. Qd6 Qg5 38. Qd4+ Kh7 39. g3 Qf5 40. Qc4 Rd7
41. Qb3 Qd3 0-1